=LDR 00000nam 2200000 4500 =001 INLIS000000000003338 =005 20130612091640 =008 ***********************************Ind** =035 ##$$0010-061300000003338 =041 ##$$a Ind =082 ##$$a F.Rom.K =090 ##$$a F.Rom.K, Ind s =100 ##$$a Indira, Rembulan =245 ##$$a Si cantik dan siburuk rupa / Rembulan Indira. -- =260 ##$$a 2000 $b Jakarta : Prestasi Pustakaraya =300 ##$$a 23 hlm. : ilus. ; 27 cm =650 ##$$a Fiksi kanak-kanak =850 ##$$a NBPNMAT